| 000 | 00649nam a22001817a 4500 | ||
|---|---|---|---|
| 003 | NUST | ||
| 038 | _aMr. Zahoor | ||
| 082 | _a670.5 | ||
| 100 |
_aSiddiqi, Muhammad Ehtisham _917460 |
||
| 245 |
_aFEASIBILITY STUDY OF USING LATEST 3D SCANNING AND REVERSE ENGINEERING TECHNIQUES FOR HERITAGE PRESERVATION / _cMuhammad Ehtisham Siddiqi |
||
| 260 |
_aIslamabad : _bSMME - NUST, _c2018. |
||
| 300 |
_axi, 38 p. : ill. ; _c30cm. |
||
| 500 | _aHardcover. | ||
| 650 |
_aDesign and Manufacturing Engineering - MS Thesis _916133 |
||
| 700 |
_aDr. Mushtaq Khan _916155 |
||
| 856 | _uhttp://10.250.8.41:8080/xmlui/handle/123456789/12452 | ||
| 942 |
_2ddc _cTHE |
||
| 999 |
_c526455 _d526455 |
||